[Event "2016 Frome Open"]
[Site "Frome ENG"]
[Date "2016.05.13"]
[Round "1.1"]
[White "Buckley, David E"]
[Black "Shapland, Roy K"]
[Result "1-0"]
[WhiteElo "2276"]
[BlackElo "2012"]
[PlyCount "47"]
[EventDate "2016.05.13"]

1. d4 Nf6 2. c4 e6 3. Nc3 Bb4 4. Qc2 c5 5. dxc5 Bxc5 6. Nf3 Nc6 7. a3 O-O 8.
Bf4 Qe7 9. Rd1 Nh5 10. Bg5 f6 11. Bc1 f5 12. e3 b6 13. Be2 Bb7 14. b4 Bd6 15.
Qd2 Bc7 16. Qxd7 Qf6 17. Qxc7 Rf7 18. Rd7 Rxd7 19. Qxd7 Qxc3+ 20. Bd2 Qa1+ 21.
Bd1 Rb8 22. Qxe6+ Kh8 23. Ng5 Ne5 24. Qxe5 1-0

[Event "2016 Frome Open"]
[Site "Frome ENG"]
[Date "2016.05.13"]
[Round "1.2"]
[White "Taylor, William J"]
[Black "Jones, Steven A"]
[Result "1-0"]
[WhiteElo "1993"]
[BlackElo "2191"]
[PlyCount "49"]
[EventDate "2016.05.13"]

1. e4 c5 2. Nf3 Nc6 3. d4 cxd4 4. Nxd4 Nf6 5. Nc3 e5 6. Ndb5 d6 7. Bg5 a6 8.
Na3 b5 9. Nd5 Qa5+ 10. Bd2 Qd8 11. Bg5 Be7 12. Bxf6 Bxf6 13. c4 Nd4 14. cxb5
Bb7 15. Bd3 Bxd5 16. exd5 Qb8 17. bxa6 Qxb2 18. Qa4+ Kf8 19. O-O Qd2 20. Rfd1
Qf4 21. Nc4 e4 22. Bf1 g6 23. Nb6 Nf3+ 24. gxf3 Be5 25. Nd7+ 1-0

[Event "2016 Frome Open"]
[Site "Frome ENG"]
[Date "2016.05.13"]
[Round "1.3"]
[White "Kett, Timothy J"]
[Black "Bourne, Johnathan D"]
[Result "1-0"]
[WhiteElo "2184"]
[BlackElo "1970"]
[PlyCount "47"]
[EventDate "2016.05.13"]

1. e4 e6 2. d4 d5 3. Nc3 Bb4 4. e5 Ne7 5. a3 Bxc3+ 6. bxc3 c5 7. h4 Qc7 8. Nf3
Nbc6 9. h5 h6 10. Be2 Bd7 11. a4 f6 12. Bf4 g5 13. hxg6 Nxg6 14. Bg3 f5 15. Nh4
Nxh4 16. Bxh4 cxd4 17. Bh5+ Kf8 18. Bf6 Rg8 19. Qd2 Be8 20. Qxh6+ Rg7 21. Bxe8
Rxe8 22. Qh8+ Rg8 23. Qxg8+ Kxg8 24. Rh8+ 1-0

[Event "2016 Frome Open"]
[Site "Frome ENG"]
[Date "2016.05.13"]
[Round "1.4"]
[White "Waterfield, John W"]
[Black "Harman, Kenneth B"]
[Result "1/2-1/2"]
[WhiteElo "1956"]
[BlackElo "2166"]
[PlyCount "55"]
[EventDate "2016.05.13"]

1. e4 c5 2. Nf3 Nc6 3. c3 d5 4. exd5 Qxd5 5. d4 Nf6 6. dxc5 Qxc5 7. Na3 a6 8.
Be3 Qd5 9. Nc4 Bg4 10. Nb6 Qxd1+ 11. Rxd1 Rd8 12. Be2 e6 13. h3 Bh5 14. O-O Be7
15. g4 Bg6 16. Nd4 Nxd4 17. Bxd4 Be4 18. b4 O-O 19. f3 Bc6 20. a4 Nd5 21. Nxd5
Bxd5 22. c4 Bc6 23. b5 axb5 24. axb5 Rxd4 25. bxc6 bxc6 26. Rxd4 Bc5 27. Kg2
Bxd4 28. Rd1 1/2-1/2

[Event "2016 Frome Open"]
[Site "Frome ENG"]
[Date "2016.05.13"]
[Round "1.5"]
[White "Onley, David E"]
[Black "Cusick, Peter W"]
[Result "1/2-1/2"]
[WhiteElo "2158"]
[BlackElo "1955"]
[PlyCount "135"]
[EventDate "2016.05.13"]

1. e4 c6 2. d4 d5 3. Nd2 dxe4 4. Nxe4 Nf6 5. Nxf6+ exf6 6. Bf4 Bd6 7. Qd2 O-O
8. O-O-O a5 9. Ne2 b5 10. Ng3 b4 11. Ne4 Bxf4 12. Qxf4 Be6 13. Kb1 a4 14. Nc5
b3 15. cxb3 axb3 16. a3 Bd5 17. Bd3 Re8 18. h4 Nd7 19. Qf5 Nf8 20. h5 Qc8 21.
Qf4 h6 22. Bf5 Qd8 23. Rh3 Ne6 24. Qg4 Re7 25. Bd3 Nxc5 26. dxc5 Qc8 27. Bf5
Qf8 28. Rg3 Rae8 29. Qd4 Kh8 30. Rc1 Re1 31. Rgc3 Bxg2 32. Rxb3 Rxc1+ 33. Kxc1
Re5 34. Bc2 Re1+ 35. Kd2 Re5 36. Bd3 Bd5 37. Rb7 Re7 38. Rb6 Re8 39. a4 Rd8 40.
Qb4 f5 41. Kc2 Be4 42. Bxe4 fxe4 43. Rxc6 Qe8 44. Rd6 Rb8 45. Qd4 f5 46. Rd7
Qg8 47. Qd5 Qc8 48. c6 Qa6 49. Rd8+ Rxd8 50. Qxd8+ Kh7 51. c7 Qc4+ 52. Kd2 Qb4+
53. Ke3 Qe1+ 54. Kf4 Qxf2+ 55. Ke5 Qxb2+ 56. Kxf5 Qf2+ 57. Kxe4 Qe1+ 58. Kd4
Qd1+ 59. Kc5 Qc2+ 60. Kb6 Qb3+ 61. Ka7 Qxa4+ 62. Kb8 Qb5+ 63. Kc8 Qa6+ 64. Kd7
Qb5+ 65. Ke7 Qg5+ 66. Kf8 Qf5+ 67. Ke7 Qe5+ 68. Kd7 1/2-1/2

[Event "2016 Frome Open"]
[Site "Frome ENG"]
[Date "2016.05.13"]
[Round "1.6"]
[White "Fallowfield, Jeremy R"]
[Black "Fathallah, Joe"]
[Result "1/2-1/2"]
[WhiteElo "2138"]
[BlackElo "1949"]
[PlyCount "49"]
[EventDate "2016.05.13"]

1. d4 f5 2. h3 Nf6 3. g4 d5 4. Nf3 e6 5. Bg5 Nbd7 6. Qd3 h6 7. gxf5 exf5 8. Bf4
Ne4 9. Nbd2 Ndf6 10. Bg2 Bd6 11. Bxd6 Qxd6 12. c3 c6 13. Ne5 Be6 14. Ng6 Rg8
15. Nxe4 fxe4 16. Qg3 Qd7 17. O-O O-O-O 18. b4 Qc7 19. a4 Bf7 20. Qxc7+ Kxc7
21. Ne5 Bh5 22. f3 exf3 23. Bxf3 Be8 24. Rae1 Nd7 25. Nxd7 1/2-1/2

[Event "2016 Frome Open"]
[Site "Frome ENG"]
[Date "2016.05.13"]
[Round "1.7"]
[White "Orgler, Philipp"]
[Black "Bartlett, Simon"]
[Result "1-0"]
[WhiteElo "2132"]
[BlackElo "1945"]
[PlyCount "114"]
[EventDate "2016.05.13"]

1. d4 Nf6 2. Nc3 d5 3. Bg5 g6 4. Nf3 Bg7 5. e3 O-O 6. Bd3 c5 7. O-O cxd4 8.
exd4 Nc6 9. h3 a6 10. Re1 Nb4 11. Ne5 Nxd3 12. Qxd3 Bf5 13. Qd2 Rc8 14. Rac1
Ne4 15. Nxe4 Bxe4 16. Ng4 Re8 17. Nh6+ Bxh6 18. Bxh6 Qb6 19. c3 Qc6 20. f3 Bf5
21. Re2 f6 22. Rce1 Kf7 23. g4 Bd7 24. Bf4 e6 25. g5 f5 26. Be5 Kg8 27. h4 Re7
28. Rh2 Be8 29. Kf2 Bf7 30. Rg1 b5 31. h5 b4 32. hxg6 Bxg6 33. Rc1 bxc3 34.
Rxc3 Qb7 35. Rh1 Rxc3 36. Qxc3 Re8 37. Rc1 Rf8 38. b4 Be8 39. Rb1 Bg6 40. Rc1
Be8 41. Bd6 Rf7 42. Qe3 Qd7 43. Be5 Qb7 44. a3 Rd7 45. Rc5 Bg6 46. Qc3 Be8 47.
Rc8 Kf7 48. a4 Re7 49. Qc5 Qa7 50. Qc1 Qd7 51. g6+ Kg8 52. Bf6 hxg6 53. Bxe7
Qxe7 54. Qf4 g5 55. Qe5 g4 56. fxg4 fxg4 57. Kg3 Kh7 1-0

[Event "2016 Frome Open"]
[Site "Frome ENG"]
[Date "2016.05.13"]
[Round "1.8"]
[White "Clancy, Martin J"]
[Black "Richmond, Jane"]
[Result "1/2-1/2"]
[WhiteElo "1935"]
[BlackElo "2123"]
[PlyCount "59"]
[EventDate "2016.05.13"]

1. e4 e5 2. Nf3 Nc6 3. Bb5 Nge7 4. c3 a6 5. Ba4 d6 6. O-O Ng6 7. d4 Be7 8. dxe5
dxe5 9. Qxd8+ Bxd8 10. Bxc6+ bxc6 11. Bg5 f6 12. Be3 Be6 13. Nbd2 Be7 14. h4 h5
15. Rfd1 Kf7 16. g3 Rhd8 17. Nb3 Rxd1+ 18. Rxd1 a5 19. Ne1 a4 20. Nc5 Bxa2 21.
Rd7 Nf8 22. Rxc7 Rd8 23. f3 Rd1 24. Kf2 Rb1 25. Ncd3 Ne6 26. Rxc6 Bb3 27. Ke2
Ke8 28. Kd2 Rd1+ 29. Ke2 Rb1 30. Kd2 1/2-1/2

[Event "2016 Frome Open"]
[Site "Frome ENG"]
[Date "2016.05.13"]
[Round "1.9"]
[White "Crockart, Scott A"]
[Black "Gregory, Andrew M"]
[Result "1-0"]
[WhiteElo "2100"]
[BlackElo "1930"]
[PlyCount "73"]
[EventDate "2016.05.13"]

1. d4 d5 2. c4 c6 3. Nc3 Nf6 4. e3 e6 5. Nf3 Bb4 6. Bd2 O-O 7. Bd3 b6 8. O-O
dxc4 9. Bxc4 Ba6 10. Bxa6 Nxa6 11. Qa4 Qc8 12. Ne5 b5 13. Qb3 Bd6 14. f4 Qb7
15. Rac1 Rab8 16. Be1 c5 17. Bh4 c4 18. Qc2 Nb4 19. Qb1 Bxe5 20. fxe5 Nfd5 21.
Rf3 Nd3 22. Rcf1 Nxc3 23. bxc3 a5 24. Qc2 Qc7 25. Rg3 f5 26. exf6 g6 27. Rg5
Qc6 28. Bg3 Qe4 29. Qe2 Rb7 30. h4 Kf7 31. h5 Ra8 32. hxg6+ hxg6 33. Rg4 Qd5
34. Rh4 Raa7 35. Qg4 b4 36. Rh6 Qe4 37. Qxe4 1-0

[Event "2016 Frome Open"]
[Site "Frome ENG"]
[Date "2016.05.13"]
[Round "1.10"]
[White "Jackson, Paul G"]
[Black "de Coverly, Roger D"]
[Result "0-1"]
[WhiteElo "1917"]
[BlackElo "2076"]
[PlyCount "68"]
[EventDate "2016.05.13"]

1. d4 Nf6 2. c4 g6 3. f3 Bg7 4. e4 d6 5. Nc3 O-O 6. Be3 c5 7. dxc5 dxc5 8. Qxd8
Rxd8 9. Bxc5 Nc6 10. Nge2 b6 11. Ba3 a5 12. Na4 Nd7 13. O-O-O Ba6 14. Nec3 Rac8
15. Kb1 e6 16. Be2 Nd4 17. b3 b5 18. cxb5 Nxe2 19. Nxe2 Bxb5 20. Nc1 Rb8 21.
Bb2 Bxa4 22. Bxg7 Kxg7 23. Rd6 Bb5 24. a4 Bxa4 25. Rhd1 Bxb3 26. Nxb3 Rxb3+ 27.
Ka2 Rb7 28. f4 Kf8 29. f5 gxf5 30. exf5 exf5 31. R6d2 a4 32. Rd3 a3 33. g3 Rb2+
34. Kxa3 Rb7 0-1

[Event "2016 Frome Open"]
[Site "Frome ENG"]
[Date "2016.05.13"]
[Round "1.11"]
[White "Byway, Paul V"]
[Black "Schmitz, Manuela"]
[Result "1/2-1/2"]
[WhiteElo "2071"]
[BlackElo "1903"]
[PlyCount "72"]
[EventDate "2016.05.13"]

1. Nf3 Nf6 2. c4 e6 3. g3 d5 4. Bg2 Be7 5. b3 O-O 6. Bb2 c5 7. cxd5 exd5 8. d4
b6 9. O-O Bb7 10. Nc3 Nc6 11. Rc1 Re8 12. Qd3 Nb4 13. Qb1 Bf8 14. a3 Na6 15. e3
Ne4 16. Rcd1 Nxc3 17. Bxc3 Qd6 18. Bb2 Red8 19. Rfe1 Qg6 20. Qxg6 hxg6 21. Ne5
Rac8 22. Rc1 cxd4 23. exd4 Bd6 24. Bf1 Nb8 25. Bh3 Rxc1 26. Rxc1 Kf8 27. Bf1
Rc8 28. Rxc8+ Bxc8 29. Bd3 Ke7 30. f4 Bb7 31. Kf2 a6 32. Nf3 Nd7 33. Nd2 Nf6
34. Kf3 Bc8 35. Kg2 Bb7 36. Kf3 Bc8 1/2-1/2

[Event "2016 Frome Open"]
[Site "Frome ENG"]
[Date "2016.05.13"]
[Round "1.12"]
[White "Hickman, John E"]
[Black "Pleasants, Allan J"]
[Result "0-1"]
[WhiteElo "1900"]
[BlackElo "2043"]
[PlyCount "80"]
[EventDate "2016.05.13"]

1. e4 c5 2. Nf3 d6 3. d4 cxd4 4. Nxd4 Nf6 5. Nc3 Nc6 6. Bg5 Bd7 7. Qd2 a6 8.
O-O-O e6 9. f3 Be7 10. h4 Rc8 11. Kb1 Nxd4 12. Qxd4 Qc7 13. Qd2 h6 14. Be3 b5
15. Bd3 b4 16. Ne2 a5 17. g4 e5 18. g5 Ng8 19. gxh6 Nxh6 20. Rdg1 Bf6 21. Ng3
Ng8 22. Nf5 g6 23. Nh6 Nxh6 24. Bxh6 Be6 25. h5 gxh5 26. Bg7 Bxg7 27. Rxg7 Qc5
28. Qg5 Kd7 29. Qh4 Rhg8 30. Qg3 Rxg7 31. Qxg7 Kc6 32. Qh7 Kb6 33. Qxh5 a4 34.
Qg5 a3 35. bxa3 bxa3 36. Qg1 Qxg1+ 37. Rxg1 Kc5 38. Ka1 Rb8 39. c3 Rb2 40. Bb1
Rf2 0-1

[Event "2016 Frome Open"]
[Site "Frome ENG"]
[Date "2016.05.13"]
[Round "1.13"]
[White "Rodriguez, Juan T"]
[Black "Appleby, Stephen"]
[Result "1-0"]
[WhiteElo "2043"]
[BlackElo "1899"]
[PlyCount "76"]
[EventDate "2016.05.13"]

1. e4 c5 2. Nc3 Nc6 3. g3 g6 4. Bg2 Bg7 5. d3 d6 6. f4 e6 7. Nf3 Nge7 8. O-O
O-O 9. Be3 Nd4 10. Qd2 b6 11. Nd1 Rb8 12. c3 Nxf3+ 13. Bxf3 f5 14. Qg2 Ba6 15.
Be2 Qd7 16. g4 d5 17. e5 d4 18. cxd4 cxd4 19. Bd2 Bb7 20. Bf3 Bxf3 21. Rxf3
fxg4 22. Qxg4 Nf5 23. Nf2 Rfc8 24. h4 h5 25. Qxg6 Nxh4 26. Qxh5 Nxf3+ 27. Qxf3
Rc2 28. Ne4 Qf7 29. Qg4 Rxd2 30. Nxd2 Qf5 31. Qxf5 exf5 32. Nb3 Rc8 33. Rc1
Rxc1+ 34. Nxc1 Bf8 35. Kg2 Kf7 36. Ne2 Bc5 37. b4 Bxb4 38. Nxd4 a5 1-0

[Event "2016 Frome Open"]
[Site "Frome ENG"]
[Date "2016.05.13"]
[Round "1.14"]
[White "Littleton, Mark"]
[Black "Menadue, Jeremy FS"]
[Result "1/2-1/2"]
[WhiteElo "1848"]
[BlackElo "2037"]
[PlyCount "52"]
[EventDate "2016.05.13"]

1. d4 d5 2. Nf3 Nf6 3. c4 c6 4. cxd5 cxd5 5. Nc3 Nc6 6. Bf4 Bg4 7. Ne5 Qb6 8.
Nxc6 bxc6 9. Qa4 Rc8 10. Bd2 e6 11. e3 Bd6 12. Bd3 O-O 13. Rb1 Rfe8 14. O-O e5
15. dxe5 Bxe5 16. h3 Bh5 17. Ne2 c5 18. Ba5 Qb7 19. Rfe1 Bg6 20. Bxg6 hxg6 21.
Bc3 Ne4 22. Bxe5 Rxe5 23. Nc3 Rce8 24. Red1 Nf6 25. Qa3 Rc8 26. Rbc1 Rg5
1/2-1/2

[Event "2016 Frome Open"]
[Site "Frome ENG"]
[Date "2016.05.13"]
[Round "1.15"]
[White "Schmitz, Andreas Arnold"]
[Black "Hollands, George E"]
[Result "1-0"]
[WhiteElo "2024"]
[BlackElo "1750"]
[PlyCount "97"]
[EventDate "2016.05.13"]

1. e4 e6 2. d4 d5 3. Nd2 Nf6 4. e5 Nfd7 5. Bd3 c5 6. c3 Nc6 7. Ne2 cxd4 8. cxd4
f6 9. exf6 Nxf6 10. Nf3 Bd6 11. Nc3 a6 12. O-O O-O 13. Be3 Bd7 14. Rc1 Rc8 15.
Bb1 Qb6 16. Na4 Qd8 17. Nc5 Bxc5 18. Rxc5 Qe7 19. a3 b6 20. Rc3 Na5 21. Bd2
Rxc3 22. Bxc3 Nc6 23. Ne5 Rc8 24. f4 Na7 25. Nxd7 Qxd7 26. f5 Nb5 27. Qe1 Re8
28. Qg3 Nd6 29. fxe6 Qxe6 {Draw offer} 30. Qe5 Nc4 31. Qxe6+ Rxe6 32. Rf5 h6
33. Bd3 b5 34. Rf3 Ne4 35. Bb4 Nxb2 36. Rf8+ Kh7 37. Bc2 Nc4 38. Rd8 Ne3 39.
Bd3 h5 40. Bd2 Nc4 41. Bf4 g5 42. Bxg5 Nxa3 43. Rxd5 Nc4 44. Bf4 Kg6 45. Rg5+
Kf6 46. Rxh5 Ke7 47. Bxc4 bxc4 48. d5 Rb6 49. Re5+ 1-0

[Event "2016 Frome Open"]
[Site "Frome ENG"]
[Date "2016.05.13"]
[Round "1.16"]
[White "Snook-Lumb, Chris"]
[Black "Payne, Matthew J"]
[Result "0-1"]
[WhiteElo "1748"]
[BlackElo "2023"]
[PlyCount "68"]
[EventDate "2016.05.13"]

1. c4 Nf6 2. g3 g6 3. Bg2 Bg7 4. Nc3 d6 5. e4 O-O 6. Nge2 e5 7. d3 Nc6 8. h3
Nd4 9. Bg5 c6 10. Qd2 Qa5 11. Nxd4 exd4 12. Ne2 Qb6 13. b3 Re8 14. O-O Nd7 15.
Bh6 Bh8 16. g4 a5 17. Ng3 Qb4 18. Qd1 a4 19. Rb1 axb3 20. axb3 Ra2 21. f4 Rd2
22. Qf3 Nc5 23. Rfd1 Rxd1+ 24. Qxd1 Qc3 25. b4 Nxd3 26. Rb3 Nb2 27. Rxc3 Nxd1
28. Ra3 Ne3 29. Bf1 Nxf1 30. Kxf1 Be6 31. Ke2 Bxc4+ 32. Kd2 Ba6 33. f5 Be5 34.
fxg6 hxg6 0-1

[Event "2016 Frome Open"]
[Site "Frome ENG"]
[Date "2016.05.13"]
[Round "1.17"]
[White "Crockart, George N"]
[Black "McCook, Natashane"]
[Result "1-0"]
[WhiteElo "2012"]
[BlackElo "1637"]
[PlyCount "89"]
[EventDate "2016.05.13"]

1. f4 c5 2. b3 Nc6 3. Nf3 d6 4. Bb2 Bg4 5. e3 Bxf3 6. Qxf3 Nf6 7. Bb5 Qc7 8.
O-O a6 9. Bxc6+ Qxc6 10. Nc3 Qxf3 11. Rxf3 g6 12. Nd5 Nxd5 13. Bxh8 f6 14. g4
Bh6 15. g5 fxg5 16. fxg5 Bxg5 17. Raf1 Kd7 18. Rf8 Rxf8 19. Rxf8 Nb4 20. c3
Nxa2 21. Rf1 e5 22. Rf7+ Kc6 23. Rxh7 Nc1 24. Kf2 Nxb3 25. Ke2 b5 26. Rg7 Bf6
27. Rg8 Bxh8 28. Rxh8 c4 29. Rg8 Nc5 30. Rxg6 a5 31. h4 a4 32. h5 a3 33. h6 a2
34. Rg1 Nb3 35. h7 a1=Q 36. Rxa1 Nxa1 37. h8=Q Nb3 38. Qa8+ Kc5 39. e4 Kb6 40.
Qd5 Nc1+ 41. Ke3 Nd3 42. Qxd6+ Ka5 43. Qc6 Ka4 44. Qa6+ Kb3 45. Qxb5+ 1-0

[Event "2016 Frome Open"]
[Site "Frome ENG"]
[Date "2016.05.14"]
[Round "2.1"]
[White "Pleasants, Allan J"]
[Black "Buckley, David E"]
[Result "0-1"]
[WhiteElo "2043"]
[BlackElo "2276"]
[PlyCount "68"]
[EventDate "2016.05.13"]

1. c4 e5 2. Nc3 Nc6 3. g3 f5 4. Bg2 Nf6 5. d3 Bb4 6. Bd2 O-O 7. a3 Bxc3 8. Bxc3
d6 9. Qc2 Nd4 10. Bxd4 exd4 11. Nh3 c6 12. c5 Be6 13. Nf4 Bf7 14. h4 Re8 15.
O-O Re5 16. cxd6 Qxd6 17. b4 Rae8 18. Rab1 h6 19. b5 cxb5 20. Rfc1 g5 21. hxg5
hxg5 22. Nh3 Rxe2 23. Qd1 Bd5 24. Rc8 Bxg2 25. Qxe2 Rxc8 26. Kxg2 Qd5+ 27. Kg1
Re8 28. Qd2 f4 29. gxf4 g4 30. Ng5 Kg7 31. Re1 Rh8 32. Re4 Nxe4 33. dxe4 Qd6
34. Qe2 Qh6 0-1

[Event "2016 Frome Open"]
[Site "Frome ENG"]
[Date "2016.05.14"]
[Round "2.2"]
[White "Rodriguez, Juan T"]
[Black "Kett, Timothy J"]
[Result "0-1"]
[WhiteElo "2043"]
[BlackElo "2184"]
[PlyCount "58"]
[EventDate "2016.05.13"]

1. e4 c5 2. Nc3 Nc6 3. g3 g6 4. Bg2 Bg7 5. d3 d6 6. f4 e6 7. Nf3 Nge7 8. O-O
O-O 9. Be3 b6 10. Rb1 Bb7 11. Ne2 d5 12. e5 d4 13. Bd2 Qd7 14. a3 f6 15. exf6
Bxf6 16. Ng5 Bxg5 17. fxg5 Rxf1+ 18. Qxf1 Rf8 19. Qe1 Ne5 20. Nf4 Rf5 21. Qe2
Bxg2 22. Qxg2 Ng4 23. Re1 e5 24. h3 Ne3 25. Bxe3 dxe3 26. Ne2 Rf2 27. Qa8+ Kg7
28. g4 Nc6 29. Nc3 Rf8 0-1

[Event "2016 Frome Open"]
[Site "Frome ENG"]
[Date "2016.05.14"]
[Round "2.3"]
[White "Schmitz, Andreas Arnold"]
[Black "Orgler, Philipp"]
[Result "1/2-1/2"]
[WhiteElo "2024"]
[BlackElo "2132"]
[PlyCount "67"]
[EventDate "2016.05.13"]

1. e4 e6 2. d4 d5 3. Nd2 Nc6 4. c3 e5 5. exd5 Qxd5 6. dxe5 Nxe5 7. Qa4+ Bd7 8.
Qe4 Qxe4+ 9. Nxe4 Bc6 10. Ng5 Be7 11. f4 Bxg5 12. fxg5 O-O-O 13. Nf3 Nxf3+ 14.
gxf3 Bxf3 15. Bh3+ Kb8 16. O-O Bh5 17. Be3 Ne7 18. Bd4 Rhg8 19. Bg2 Nc6 20.
Bxc6 bxc6 21. Rf5 Rd5 22. Rxd5 cxd5 23. Re1 f6 24. gxf6 gxf6+ 25. Kf2 Bg6 26.
Re6 Be4 27. c4 Rg2+ 28. Ke3 Rxh2 29. Rxf6 Rh3+ 30. Kf4 Rf3+ 31. Kg5 Rxf6 32.
Bxf6 dxc4 33. a3 Kb7 34. Kh6 1/2-1/2

[Event "2016 Frome Open"]
[Site "Frome ENG"]
[Date "2016.05.14"]
[Round "2.4"]
[White "Payne, Matthew J"]
[Black "Crockart, Scott A"]
[Result "0-1"]
[WhiteElo "2023"]
[BlackElo "2100"]
[PlyCount "52"]
[EventDate "2016.05.13"]

1. e4 c5 2. Nc3 Nc6 3. Bb5 Nd4 4. Bc4 e6 5. Nge2 a6 6. d3 b5 7. Bb3 Nxb3 8.
axb3 Bb7 9. O-O Be7 10. f4 d5 11. Ng3 Nf6 12. e5 Nd7 13. f5 Nxe5 14. fxe6 O-O
15. Qh5 Bf6 16. Bf4 Ng6 17. exf7+ Rxf7 18. Nf5 Qd7 19. Bg3 Raf8 20. Bd6 Qxd6
21. Nxd6 Bd4+ 22. Rf2 Rxf2 23. g4 Rf1+ 24. Kg2 R8f2+ 25. Kg3 Rf3+ 26. Kg2 Nf4#
0-1

[Event "2016 Frome Open"]
[Site "Frome ENG"]
[Date "2016.05.14"]
[Round "2.5"]
[White "de Coverly, Roger D"]
[Black "Crockart, George N"]
[Result "0-1"]
[WhiteElo "2076"]
[BlackElo "2012"]
[PlyCount "102"]
[EventDate "2016.05.13"]

1. e4 c6 2. d4 d5 3. e5 h5 4. Be2 g6 5. f4 Nh6 6. Nf3 Bg4 7. Be3 Qb6 8. b3 Nf5
9. Bf2 e6 10. O-O c5 11. c3 Nc6 12. Nbd2 cxd4 13. cxd4 Bb4 14. h3 Bxf3 15. Nxf3
Ba3 16. Rb1 Nb4 17. g4 hxg4 18. hxg4 Ne7 19. Qd2 Rc8 20. Bd3 Nec6 21. Rbd1 Nxd3
22. Qxd3 Nb4 23. Qe2 Rc2 24. Rd2 Rxd2 25. Qxd2 Kd7 26. Ng5 Ke7 27. Rd1 Qc6 28.
Kg2 Qc2 29. Qxc2 Nxc2 30. Rd2 Nb4 31. Nf3 Bc1 32. Rd1 Bxf4 33. Bh4+ Kd7 34. Bf6
Rc8 35. Ne1 Rc1 36. Rxc1 Bxc1 37. Kf3 Nxa2 38. Nd3 Ba3 39. Bg5 b6 40. Bd2 a5
41. Ke3 Kc6 42. g5 Kb5 43. Nf2 Bc1 44. Ng4 Bxd2+ 45. Kxd2 Kb4 46. Kc2 Nc3 47.
Nh6 Ne2 48. Kd3 Nc1+ 49. Kc2 Nxb3 50. Nxf7 Nxd4+ 51. Kd3 Nc6 0-1

[Event "2016 Frome Open"]
[Site "Frome ENG"]
[Date "2016.05.14"]
[Round "2.6"]
[White "Harman, Kenneth B"]
[Black "Taylor, William J"]
[Result "1-0"]
[WhiteElo "2166"]
[BlackElo "1993"]
[PlyCount "93"]
[EventDate "2016.05.13"]

1. Nf3 Nf6 2. c4 g6 3. Nc3 Bg7 4. d4 O-O 5. g3 d6 6. Bg2 Nc6 7. O-O a6 8. b3
Rb8 9. Bb2 b5 10. cxb5 axb5 11. Rc1 Bd7 12. d5 Na5 13. Nd4 e5 14. dxe6 fxe6 15.
e4 c5 16. Nde2 Bc6 17. Qc2 Qe7 18. h3 Qb7 19. f3 Qb6 20. Kh2 d5 21. e5 Nd7 22.
f4 Rf7 23. h4 Qd8 24. Nd1 d4 25. Nf2 Bxg2 26. Kxg2 Qb6 27. Qe4 Nc6 28. Nd3 Qa6
29. Nxc5 Nxc5 30. Rxc5 Qxa2 31. Rxc6 Qxb2 32. Rf2 Rd8 33. Qd3 Ra7 34. Ng1 Qa1
35. Nf3 Ra2 36. Rcc2 Rxc2 37. Rxc2 Bf8 38. Ng5 Qa6 39. Rc7 Qa2+ 40. Rc2 Qa6 41.
h5 Rc8 42. hxg6 Rxc2+ 43. Qxc2 h6 44. Ne4 b4 45. Nf6+ Kh8 46. g7+ Bxg7 47. Qh7#
1-0

[Event "2016 Frome Open"]
[Site "Frome ENG"]
[Date "2016.05.14"]
[Round "2.7"]
[White "French, Max"]
[Black "Onley, David E"]
[Result "1-0"]
[WhiteElo "1923"]
[BlackElo "2158"]
[PlyCount "93"]
[EventDate "2016.05.13"]

1. d4 Nf6 2. c4 g6 3. Nc3 Bg7 4. e4 d6 5. Nf3 O-O 6. h3 Nbd7 7. Be3 e5 8. d5
Nc5 9. Qc2 a5 10. Be2 Nh5 11. g3 Qe7 12. Nh4 Nf4 13. gxf4 Qxh4 14. f5 Bh6 15.
Bxh6 Qxh6 16. Nb5 Qf4 17. Nxc7 Rb8 18. fxg6 Nxe4 19. gxh7+ Kh8 20. Bd3 Nc5 21.
Rg1 e4 22. Qc3+ f6 23. Be2 Rf7 24. Nb5 Nd3+ 25. Bxd3 exd3 26. Qxd3 Bf5 27. Qe3
Qxc4 28. Rg8+ Rxg8 29. hxg8=Q+ Kxg8 30. Nc3 Kf8 31. O-O-O b5 32. Rd4 Qc5 33.
Rh4 Qxe3+ 34. fxe3 b4 35. Nb5 Ke7 36. Nd4 Bh7 37. Kd2 f5 38. Rf4 Rg7 39. Ke2
Kf6 40. Nc6 Bg8 41. e4 Rg2+ 42. Kf3 Rxb2 43. Rxf5+ Kg7 44. Nxa5 Rxa2 45. Nc4
Rc2 46. Ne3 Bh7 47. Nxc2 1-0

[Event "2016 Frome Open"]
[Site "Frome ENG"]
[Date "2016.05.14"]
[Round "2.8"]
[White "Fallowfield, Jeremy R"]
[Black "Clancy, Martin J"]
[Result "0-1"]
[WhiteElo "2138"]
[BlackElo "1935"]
[PlyCount "78"]
[EventDate "2016.05.13"]

1. d4 Nf6 2. c4 c5 3. d5 e6 4. Nc3 exd5 5. cxd5 d6 6. e4 g6 7. Nge2 Bg7 8. Ng3
a6 9. a4 O-O 10. Be2 Re8 11. O-O Nbd7 12. f3 h5 13. Bg5 Nf8 14. Qd2 N8h7 15.
Be3 h4 16. Nh1 Nh5 17. Nf2 Bd7 18. a5 b5 19. axb6 Qxb6 20. Rfb1 Qb7 21. f4 N5f6
22. Bf3 Re7 23. e5 Ne8 24. exd6 Rxe3 25. Qxe3 Bd4 26. Qe7 Nef6 27. Qe2 Re8 28.
Qxa6 Qb3 29. Qf1 Qc2 30. Ne2 Be3 31. Qd1 Qf5 32. h3 g5 33. Kf1 Bxf2 34. Kxf2 g4
35. hxg4 Nxg4+ 36. Bxg4 Qxg4 37. Qd3 Nf6 38. Qf3 Qg6 39. Re1 Bg4 {White lost
on time} 0-1

[Event "2016 Frome Open"]
[Site "Frome ENG"]
[Date "2016.05.14"]
[Round "2.9"]
[White "Richmond, Jane"]
[Black "Fathallah, Joe"]
[Result "1-0"]
[WhiteElo "2123"]
[BlackElo "1949"]
[PlyCount "37"]
[EventDate "2016.05.13"]

1. e4 e6 2. d4 d5 3. Nc3 Nf6 4. Bg5 Be7 5. e5 Nfd7 6. h4 a6 7. Qg4 Bxg5 8. Qxg5
Qxg5 9. hxg5 c5 10. f4 cxd4 11. Nce2 Nc6 12. Nf3 d3 13. cxd3 O-O 14. Ned4 Nxd4
15. Nxd4 Nb8 16. Rc1 Bd7 17. Rc7 Bc6 18. b4 Nd7 19. Nxc6 1-0

[Event "2016 Frome Open"]
[Site "Frome ENG"]
[Date "2016.05.14"]
[Round "2.10"]
[White "Misyura, Ilya"]
[Black "Byway, Paul V"]
[Result "0-1"]
[WhiteElo "1902"]
[BlackElo "2071"]
[PlyCount "124"]
[EventDate "2016.05.13"]

1. d4 d5 2. c4 e6 3. Nc3 Nf6 4. cxd5 exd5 5. Bg5 c6 6. e3 Nbd7 7. Nf3 Be7 8.
Bd3 O-O 9. Qc2 Re8 10. O-O Nf8 11. Rab1 Nh5 12. Bxe7 Qxe7 13. b4 a6 14. a4 Be6
15. b5 axb5 16. axb5 c5 17. dxc5 Qxc5 18. Rfc1 Nf6 19. Qd2 Qb6 20. Nd4 N8d7 21.
h3 h6 22. Qd1 Ne5 23. Ra1 Rxa1 24. Rxa1 Ne4 25. Rc1 Ra8 26. Qc2 Nxd3 27. Qxd3
Nf6 28. Qd1 Qa5 29. Qb3 Rc8 30. Qa2 Qxa2 31. Nxa2 Rxc1+ 32. Nxc1 Kf8 33. Nd3
Ke7 34. Kf1 Bd7 35. Ke2 Kd6 36. Kd2 Ne4+ 37. Kc2 f6 38. Kb2 Nc5 39. Ne1 Ne6 40.
Nec2 Nxd4 41. Nxd4 Kc5 42. Ka3 g6 43. Ka4 b6 44. f4 h5 45. h4 Bg4 46. Kb3 Bd7
47. Ka4 Kc4 48. Nc6 Bf5 49. Ne7 Bc2+ 50. Ka3 Be4 51. Ka4 Kd3 52. Nc8 Kxe3 53.
Nxb6 Kxf4 54. Nd7 Bxg2 55. b6 d4 56. Kb4 d3 57. Nc5 d2 58. Nd3+ Ke3 59. Nb2 Ke2
60. Kc4 g5 61. hxg5 fxg5 62. Kd4 h4 0-1

[Event "2016 Frome Open"]
[Site "Frome ENG"]
[Date "2016.05.14"]
[Round "2.11"]
[White "Schmitz, Manuela"]
[Black "Martin, Lewis"]
[Result "0-1"]
[WhiteElo "1903"]
[BlackElo "2045"]
[PlyCount "74"]
[EventDate "2016.05.13"]

1. d4 Nf6 2. Nf3 g6 3. c4 Bg7 4. Nc3 O-O 5. e4 d6 6. Be2 e5 7. Be3 Ng4 8. Bg5
f6 9. Bh4 g5 10. Bg3 Nh6 11. Qd2 g4 12. Nh4 f5 13. exf5 exd4 14. Nb5 Nc6 15.
O-O Nxf5 16. Nxf5 Bxf5 17. f3 gxf3 18. Bxf3 d3 19. Rae1 a6 20. Nc3 Nd4 21. Bxb7
Rb8 22. Be4 Ne2+ 23. Rxe2 dxe2 24. Rxf5 Rxf5 25. Bxf5 Qf6 26. Qd5+ Kh8 27. Nxe2
Rf8 28. c5 Qxf5 29. Qxf5 Rxf5 30. cxd6 cxd6 31. Bxd6 Bxb2 32. Bb4 a5 33. Bd2
Rd5 34. Be1 Kg8 35. Kf2 a4 36. Nc3 Bxc3 37. Bxc3 Rc5 0-1

[Event "2016 Frome Open"]
[Site "Frome ENG"]
[Date "2016.05.14"]
[Round "2.12"]
[White "Menadue, Jeremy FS"]
[Black "Turner, Joseph D"]
[Result "1-0"]
[WhiteElo "2037"]
[BlackElo "1877"]
[PlyCount "60"]
[EventDate "2016.05.13"]

1. d4 Nf6 2. c4 Nc6 3. Nf3 e6 4. Nc3 Bb4 5. g3 b6 6. Bg2 Ba6 7. Qb3 Qe7 8. a3
Bd6 9. Nb5 O-O 10. O-O Na5 11. Qa4 Bb7 12. c5 bxc5 13. Qxa5 cxd4 14. Nxd6 cxd6
15. Nxd4 Bxg2 16. Kxg2 e5 17. Nf3 Rfc8 18. Qa4 d5 19. Bg5 e4 20. Nd4 Rc4 21.
Qd1 Qe5 22. Bxf6 gxf6 23. e3 Rb8 24. b3 Rc7 25. Rc1 Kh8 26. Rxc7 Qxc7 27. Qg4
Rg8 28. Qf5 Qd6 29. Rc1 a6 30. b4 Rg5 1-0